000 00517nam a2200205Ia 4500
003 OSt
005 20260508124823.0
008 210210b1974 xxu||||| |||| 00| 0 eng d
020 _a0 8426 0617 3
040 _cAL
041 _aEnglish
082 _aS491.802 IYEV
100 _aIYER (K A Subramania).
_9263618
245 _aVakyapadiya of bhartrhari. Chapter 2
260 _aDelhi.
_bMotilal Banarsidass.,
_c1974
300 _axvi,412
690 _aSanskrit Usage
_9263619
906 _a045936
942 _2ddc
_cBK
999 _c95169
_d95169